| 000 | 00456nam a2200169Ia 4500 | ||
|---|---|---|---|
| 008 | 180207s9999 xx 000 0 und d | ||
| 020 | _a9715082564 | ||
| 050 | _bA445 2003 | ||
| 100 | _aAlmario, Virgilio S. | ||
| 245 | _aParadise of the animals / | ||
| 245 | _cVirgilio S. Almario ; illustrated by Joanne de Leon. | ||
| 260 | _aPhilippines : | ||
| 260 | _bAdarna House, | ||
| 260 | _c2003 | ||
| 300 | _aunpaged : | ||
| 300 | _bcolor illustrations ; | ||
| 999 |
_c355885 _d355885 |
||